Justin bieber fast facts Quiz Stats

 Plays Quiz not verified by Sporcle

Also try: Same Name
Challenge
Share
Tweet
Embed
Score 0/7 Timer 03:00
0 Plays Today
justin bieber question answer % Correct
what is his fave color?purple
98.2%
what singer signed him?usher
95.5%
what was his first #1 hit single?one time
94.3%
what pet does he have?dog
93.6%
what is the name of the song that he did with sean kingston?eenie meenie
86.5%
what is his mother's first name?pattie
84.7%
what is his hometown?stratford ontairio, canada
4%

You're not logged in!

Compare scores with friends on all Sporcle quizzes.
Join for Free
OR
Log In

You Might Also Like...

Show Comments

Extras

Created Aug 19, 2010ReportNominate
Tags:bieber, fast, justin

Top Quizzes Today


Score Distribution

Your Account Isn't Verified!

In order to create a playlist on Sporcle, you need to verify the email address you used during registration. Go to your Sporcle Settings to finish the process.

Report this User

Report this user for behavior that violates our Community Guidelines.

Details: